| 000 | 00493nam a2200205Ia 4500 | ||
|---|---|---|---|
| 005 | 20240823052245.0 | ||
| 008 | 240823s9999||||xx |||||||||||||| ||und|| | ||
| 020 | _a81-87680-30-X | ||
| 041 | _aENGLISH | ||
| 082 | _A658.477 Q3 | ||
| 100 | _aSarvothaman H | ||
| 245 | 0 | _aDisaster Management | |
| 250 | _a1st | ||
| 260 |
_c2013 _bAsiatech Publi |
||
| 500 | _aYES | ||
| 650 |
_aDisaster Management _bManagement Studies |
||
| 700 | _a Anandha Kumar K J | ||
| 942 | _cBK | ||
| 999 |
_c221448 _d221448 |
||